| 000 | 00759cab a2200265 4500 | ||
|---|---|---|---|
| 001 | ABS48034 | ||
| 008 | 090401t1993 xxu||||| |||| 00| 0 eng d | ||
| 035 | _a(Sirsi) u64548 | ||
| 041 | _aeng | ||
| 100 | _aMcIntosh, S. | ||
| 245 | _aWhen brass turns to muck | ||
| 260 | _c1993 | ||
| 350 | _a0 | ||
| 490 |
_aScottish Business Insider _v10(2) February 1993, 50(1) |
||
| 520 | _aLooks at implications of a contaminated land register for Scotland. | ||
| 650 | _aCONTAMINATED LAND REGISTERS | ||
| 650 | _aCONTAMINATED LAND | ||
| 650 | _aENVIRONMENTAL PROTECTION ACT 1990 | ||
| 650 | _aPUBLIC REGISTERS | ||
| 650 | _aSECTION 143 REGISTERS | ||
| 690 | _aENVIRONMENTAL AND LAND CONSULTANCY | ||
| 690 | _aLAND | ||
| 942 | _n0 | ||
| 948 | _c04/03/1997 | ||
| 999 |
_c40211 _d40211 |
||